000 01640cam a2200409 a 4500
001 15192209
005 20160924144609.0
008 080221s2008 nyua bf 001 0 eng
010 _a 2008008353
016 7 _a101466788
_2DNLM
020 _a9780071478977 (pbk.)
020 _a0071478973 (pbk.)
035 _a(OCoLC)ocn212399912
035 _a(OCoLC)212399912
040 _aDNLM/DLC
_cDLC
_dNLM
_dBAKER
_dC#P
_dBTCTA
_dYDXCP
_dDLC
050 0 0 _aRD99.24
_b.C55 2008
060 1 0 _aWO 178
_bC641 2008
082 0 0 _aDC 617.0231
_22008
_bP95c
245 0 0 _aClinician's guide to surgical care /
_cedited byJohn P. Pryor.
260 _aNew York:
_bMcGraw-Hill,
_cc2008.
300 _axiv, 343 pages:
_billustrations;
_c23 cm.
504 _aIncludes bibliographical references and index.
650 0 _aSurgical nursing
_vHandbooks, manuals, etc.
650 0 _aNurse practitioners
_vHandbooks, manuals, etc.
650 0 _aPhysicians' assistants
_vHandbooks, manuals, etc.
650 1 2 _aPerioperative Care.
650 2 2 _aIntraoperative Complications.
700 1 _aPryor, John P.
_q(John Paul),
_d1966-
700 1 _aTodd, Barbara,
_d1955-
700 1 _aDryer, Michael.
856 4 1 _3Table of contents only
_uhttp://www.loc.gov/catdir/toc/ecip0812/2008008353.html
856 4 2 _3Contributor biographical information
_uhttp://www.loc.gov/catdir/enhancements/fy0814/2008008353-b.html
856 4 2 _3Publisher description
_uhttp://www.loc.gov/catdir/enhancements/fy0814/2008008353-d.html
906 _a7
_bcbc
_corignew
_d1
_eecip
_f20
_gy-gencatlg
942 _2ddc
_cDC
999 _c4817
_d4817